MARC

LEADER 00000nas a2200000 4500
001 ssj0005219
003 WaSeSS
005 20200512172242.0
006 m d
007 cr n
008 751101c19709999ilufr p s o s0 a0eng
010 |a  78019304  
016 |a (AMICUS)000000950720 
022 |l 0032-0684  |y 0032-0684 
032 |a 782820  |b USPS 
035 |a (WaSeSS)ssj0005219 
037 |b Illinois State University, Dept. of Educational Administration and Foundations, Normal, IL 61790-5900  |c $18.00 
040 |a DLC  |b eng  |c MUL  |d OCL  |d HUL  |d NSD  |d COO  |d DLC  |d AIP  |d NSD  |d IUL  |d NST  |d DLC  |d NST  |d GUA  |d OCL  |d IUL  |d OCLCQ  |d ORZ  |d LVB  |d OCLCQ  |d CUS  |d OCLCQ  |d OCLCA  |d OCLCF  |d OCLCO  |d GILDS  |d NLC  |d VNS  |d OCLCO  |d OCLCQ  |d CBA  |d OCLCO  |d WaSeSS 
042 |a nsdp  |a pcc 
043 |a n-us--- 
050 0 0 |a LA210  |b .P57 
082 0 4 |a 370/.973 
210 0 |a Plann. chang. 
222 0 |a Planning & changing 
245 0 0 |a Planning & changing  |h [electronic resource]. 
246 3 |a Planning and changing 
260 |a [Normal, Ill.],  |b [Dept. of Educational Administration and Foundations, Illinois State University, etc.] 
310 |a Semiannual,  |b <2006-> 
321 |a Quarterly,  |b 1970- 
362 0 |a v. 1- Apr. 1970- 
506 |a License restrictions may limit access. 
515 |a Some issues combined. 
521 8 |a "An educational leadership and policy journal." 
550 |a Issues for 1970-78 published by: Dept. of Educational Administration, Illinois State University; and 1979- by the Dept. of Educational Administration and Foundations, Illinois State University. 
650 0 |a Educational planning  |z United States  |v Periodicals. 
650 0 |a Educational leadership  |z United States  |v Periodicals. 
650 6 |a Éducation  |x Planification  |z États-Unis  |v Périodiques. 
650 6 |a Administration scolaire  |z États-Unis  |v Périodiques. 
650 7 |a Educational leadership.  |2 fast  |0 (OCoLC)fst00903527 
650 7 |a Educational planning.  |2 fast  |0 (OCoLC)fst00903540 
651 7 |a United States.  |2 fast  |0 (OCoLC)fst01204155 
655 0 |a Electronic journals. 
710 2 |a Illinois State University.  |b Department of Educational Administration. 
710 2 |a Illinois State University.  |b Department of Educational Administration and Foundations. 
780 0 2 |t Journal on state school systems development  |w (DLC)sn 88029244  |w (OCoLC)1681124 
850 |a DLC  |a GU  |a IC  |a InU  |a KyU  |a MChB  |a MdU  |a NvU  |a UPB  |a ViU 
853 2 0 |8 2  |a v.  |b no.  |u 4  |v r  |i (year)  |p 2  |w f 
856 4 0 |z Full text available from Research Library: 04/01/2004 to present  |u https://search.proquest.com/publication/47169 
863 4 1 |8 1.1  |a <37>  |b <1/2>  |i <2006>